000 01174nam a2200229Ia 4500
003 OSt
005 20250414154115.0
008 191128s2013 ck er 000 f spa d
040 _aCO-JMCR
_cCO-JMCR
041 _aspa
082 0 4 _aA-N
_bGOMr
100 1 _aGómez Caballero, Ana Cristina,
_eautor
_97139
245 1 3 _aEl rostro oculto /
_cAna Cristina Gómez Caballero
250 _aPrimera edición
260 _aBogotá :
_bEditorial Kimpres,
_c2013
300 _a517 páginas :
_bfotografías a blanco y negro ;
_c22 cm.
500 _aIncluye datos biografícos de la autora en solapa frontal.
505 _aInfancia -- Familia paterna - mi abuela : flora -- Familia materna - mi abuelo -- La muerte de mi hermano Luis -- Mis primeros años y mi primer clase de ballet -- Conociendo a Toumanova y mi primer viaje a Nueva York
520 _aAna Consuelo Gómez Caballero nos entrega un relato detallado de su vida cuando a loa tes años descubrio su pasión por la danza, pasando por su adolecencia y juventud en Nueva York y en París donde se formo en las mejores escuelas de ballet y tuvo su despe
650 1 4 _aDanza en la literatura
_97140
942 _2ddc
_cBK
999 _c4645
_d4645